000
00260nam a2200097Ia 4500
001
707524
005
20250826162509.0
008
250824s9999 xx 000 0 und d
245
0
_a
NİL HANIMIN MUMYA DERSLERİ
_c
ALAN MACDONALD
260
_b
BEYAZ BALİNA YAYINLARI
999
_c
707524
_d
707524